[Event "8e Open de Porticcio"]
[Site "?"]
[Date "2023.07.06"]
[Round "8.3"]
[White "Fedorchuk, Sergey A."]
[Black "Roux, Baptiste"]
[Result "1-0"]
[BlackElo "2288"]
[WhiteElo "2589"]
[LiveChessVersion "1.4.6"]

1. e4 {[%clk 1:29:15]} c5 {[%clk 1:30:31]} 2. Nf3 {[%clk 1:28:58]} Nc6
{[%clk 1:30:33]} 3. Bb5 {[%clk 1:27:41]} e6 {[%clk 1:30:07]} 4. O-O
{[%clk 1:23:30]} Nge7 {[%clk 1:30:19]} 5. d4 {[%clk 1:22:43]} cxd4
{[%clk 1:30:31]} 6. Nxd4 {[%clk 1:23:07]} Qb6 {[%clk 1:30:52]} 7. Nxc6
{[%clk 1:19:26]} bxc6 {[%clk 1:31:15]} 8. Be2 {[%clk 1:15:04]} Ng6
{[%clk 1:28:15]} 9. c4 {[%clk 1:12:54]} e5 {[%clk 1:24:43]} 10. g3
{[%clk 1:12:15]} Bc5 {[%clk 1:22:00]} 11. Nd2 {[%clk 1:10:59]} d6
{[%clk 1:16:21]} 12. Kg2 {[%clk 0:58:49]} f5 {[%clk 1:07:42]} 13. exf5
{[%clk 0:55:44]} Bxf5 {[%clk 1:07:58]} 14. Nb3 {[%clk 0:55:56]} Bd4
{[%clk 1:00:57]} 15. h4 {[%clk 0:41:33]} O-O {[%clk 0:57:53]} 16. h5
{[%clk 0:41:49]} Ne7 {[%clk 0:57:26]} 17. Nxd4 {[%clk 0:30:39]} exd4
{[%clk 0:57:50]} 18. h6 {[%clk 0:29:51]} g6 {[%clk 0:57:09]} 19. Bg5
{[%clk 0:24:24]} Rae8 {[%clk 0:56:17]} 20. Qd2 {[%clk 0:24:40]} c5
{[%clk 0:48:53]} 21. Rae1 {[%clk 0:23:42]} Nc6 {[%clk 0:25:36]} 22. g4
{[%clk 0:21:33]} Be6 {[%clk 0:25:04]} 23. f4 {[%clk 0:21:25]} Qb4
{[%clk 0:25:21]} 24. Qc1 {[%clk 0:14:29]} Bf7 {[%clk 0:18:43]} 25. Bf3
{[%clk 0:08:03]} Rxe1 {[%clk 0:18:59]} 26. Qxe1 {[%clk 0:07:44]} Re8
{[%clk 0:19:11]} 27. Qc1 {[%clk 0:06:11]} Nb8 {[%clk 0:14:51]} 28. b3
{[%clk 0:05:46]} Qa5 {[%clk 0:13:59]} 29. f5 {[%clk 0:04:02]} Nd7
{[%clk 0:09:20]} 30. fxg6 {[%clk 0:03:03]} hxg6 {[%clk 0:09:48]} 31. Qf4
{[%clk 0:03:13]} Be6 {[%clk 0:08:08]} 32. Qxd6 {[%clk 0:02:40]} Qxa2+
{[%clk 0:08:12]} 33. Rf2 {[%clk 0:02:46]} Qb1 {[%clk 0:08:13]} 34. Bd5
{[%clk 0:02:42]} Qe1 {[%clk 0:07:31]} 35. Qxd7 {[%clk 0:02:39]} 1-0

[Event "8e Open de Porticcio"]
[Site "?"]
[Date "2023.07.06"]
[Round "8.4"]
[White "Bulmaga, Irina"]
[Black "Rakotomaharo, Fy Antenaina"]
[Result "1/2-1/2"]
[BlackElo "2463"]
[WhiteElo "2416"]
[LiveChessVersion "1.4.6"]

1. e4 {[%clk 1:30:57]} e5 {[%clk 1:29:34]} 2. Nf3 {[%clk 1:31:19]} Nf6
{[%clk 1:30:01]} 3. Nxe5 {[%clk 1:31:24]} d6 {[%clk 1:30:27]} 4. Nf3
{[%clk 1:30:28]} Nxe4 {[%clk 1:30:52]} 5. Bd3 {[%clk 1:28:37]} Nf6
{[%clk 1:28:23]} 6. O-O {[%clk 1:28:31]} Be7 {[%clk 1:28:28]} 7. c3
{[%clk 1:28:26]} O-O {[%clk 1:28:35]} 8. Bc2 {[%clk 1:28:24]} Bg4
{[%clk 1:19:00]} 9. d4 {[%clk 1:28:08]} Re8 {[%clk 1:19:23]} 10. Nbd2
{[%clk 1:18:17]} Bf8 {[%clk 1:19:21]} 11. Bd3 {[%clk 1:18:18]} c5
{[%clk 1:16:46]} 12. Qc2 {[%clk 1:07:59]} Qc7 {[%clk 1:08:30]} 13. Ne4
{[%clk 0:58:48]} Nxe4 {[%clk 1:00:55]} 14. Bxe4 {[%clk 0:59:12]} g6
{[%clk 0:46:47]} 15. dxc5 {[%clk 0:48:04]} dxc5 {[%clk 0:46:49]} 16. Ng5
{[%clk 0:45:46]} Nc6 {[%clk 0:39:28]} 17. Bd5 {[%clk 0:42:38]} Re7
{[%clk 0:32:45]} 18. Qa4 {[%clk 0:37:50]} Qd7 {[%clk 0:28:54]} 19. Bxc6
{[%clk 0:35:59]} bxc6 {[%clk 0:29:16]} 20. Ne4 {[%clk 0:35:51]} Bg7
{[%clk 0:25:48]} 21. Bg5 {[%clk 0:29:13]} Ree8 {[%clk 0:25:59]} 22. f3
{[%clk 0:28:08]} Bf5 {[%clk 0:17:00]} 23. Rad1 {[%clk 0:28:21]} Qc7
{[%clk 0:17:25]} 24. Nf6+ {[%clk 0:21:08]} Bxf6 {[%clk 0:09:51]} 25. Bxf6
{[%clk 0:21:34]} c4 {[%clk 0:09:32]} 26. Qxc4 {[%clk 0:20:16]} Qb6+
{[%clk 0:09:57]} 27. Kh1 {[%clk 0:16:52]} c5 {[%clk 0:09:01]} 28. Qh4
{[%clk 0:13:07]} Re6 {[%clk 0:08:58]} 29. Bd8 {[%clk 0:12:40]} Qxb2
{[%clk 0:08:51]} 30. g4 {[%clk 0:12:11]} Bc2 {[%clk 0:08:44]} 31. Rde1
{[%clk 0:08:48]} Qxc3 {[%clk 0:07:19]} 32. Rxe6 {[%clk 0:08:27]} fxe6
{[%clk 0:07:46]} 33. Qe7 {[%clk 0:07:51]} Qg7 {[%clk 0:07:32]} 34. Qe8+
{[%clk 0:07:25]} Qf8 {[%clk 0:07:56]} 35. Qxe6+ {[%clk 0:07:50]} Qf7
{[%clk 0:08:19]} 36. Qd6 {[%clk 0:07:44]} Be4 {[%clk 0:03:38]} 37. Bf6
{[%clk 0:06:20]} Bb7 {[%clk 0:04:05]} 38. Kg1 {[%clk 0:04:59]} Re8
{[%clk 0:03:48]} 39. Bc3 {[%clk 0:03:31]} Qe7 {[%clk 0:02:36]} 40. Qxe7
{[%clk 0:03:15]} Rxe7 {[%clk 0:03:00]} 41. Kf2 {[%clk 0:03:31]} Ba6
{[%clk 0:02:34]} 42. Re1 {[%clk 0:02:05]} Rxe1 {[%clk 0:02:54]} 43. Kxe1
{[%clk 0:01:48]} Kf7 {[%clk 0:03:19]} 44. Be5 {[%clk 0:01:37]} Bc4
{[%clk 0:03:35]} 45. Bd6 {[%clk 0:01:36]} Bxa2 {[%clk 0:03:59]} 46. Bxc5
{[%clk 0:02:04]} Bd5 {[%clk 0:04:23]} 47. Bxa7 {[%clk 0:02:29]} Bxf3
{[%clk 0:04:50]} 48. g5 {[%clk 0:02:52]} Ba8 {[%clk 0:05:14]} 49. Bb6
{[%clk 0:03:17]} Bb7 {[%clk 0:05:38]} 50. Ba7 {[%clk 0:03:43]} Ba8
{[%clk 0:06:06]} 51. Bb6 {[%clk 0:04:07]} Bb7 {[%clk 0:06:30]} 52. Ba7
{[%clk 0:04:33]} Ba8 {[%clk 0:06:51]} 1/2-1/2

[Event "8e Open de Porticcio"]
[Site "?"]
[Date "2023.07.06"]
[Round "8.5"]
[White "Anwesh, Upadhyaya"]
[Black "Makkar, Rajat"]
[Result "1/2-1/2"]
[BlackElo "2419"]
[WhiteElo "2356"]
[LiveChessVersion "1.4.6"]

1. d4 {[%clk 1:22:52]} d5 {[%clk 1:30:34]} 2. Nf3 {[%clk 1:23:05]} Nf6
{[%clk 1:30:54]} 3. c4 {[%clk 1:23:25]} e6 {[%clk 1:31:02]} 4. Nc3
{[%clk 1:23:42]} c6 {[%clk 1:28:42]} 5. Bg5 {[%clk 1:23:52]} Nbd7
{[%clk 1:29:00]} 6. e3 {[%clk 1:24:00]} Qa5 {[%clk 1:29:23]} 7. Nd2
{[%clk 1:23:33]} Bb4 {[%clk 1:28:41]} 8. Qc2 {[%clk 1:23:13]} e5 {[%clk 1:28:11]}
9. Bxf6 {[%clk 1:22:25]} Nxf6 {[%clk 1:27:46]} 10. dxe5 {[%clk 1:18:27]} Ne4
{[%clk 1:25:29]} 11. Ndxe4 {[%clk 1:09:11]} dxe4 {[%clk 1:25:48]} 12. a3
{[%clk 1:09:01]} Bf5 {[%clk 1:23:11]} 13. O-O-O {[%clk 1:05:24]} Be7
{[%clk 1:12:30]} 14. Nxe4 {[%clk 0:56:47]} Bxa3 {[%clk 1:04:32]} 15. Bd3
{[%clk 0:42:23]} Bxe4 {[%clk 1:01:29]} 16. Bxe4 {[%clk 0:42:47]} Bb4
{[%clk 1:00:25]} 17. Bxh7 {[%clk 0:39:54]} Qxe5 {[%clk 0:59:34]} 18. Rd4
{[%clk 0:38:57]} Qa5 {[%clk 0:46:50]} 19. Kb1 {[%clk 0:36:38]} Rd8
{[%clk 0:41:52]} 20. Qe4+ {[%clk 0:30:30]} Kf8 {[%clk 0:40:00]} 21. Bf5
{[%clk 0:27:19]} Rh6 {[%clk 0:35:48]} 22. Rxd8+ {[%clk 0:22:27]} Qxd8
{[%clk 0:36:04]} 23. Bg4 {[%clk 0:22:53]} Be7 {[%clk 0:32:48]} 24. h3
{[%clk 0:18:38]} Qa5 {[%clk 0:31:52]} 25. Rd1 {[%clk 0:17:17]} Rd6
{[%clk 0:31:37]} 26. Rxd6 {[%clk 0:12:57]} Bxd6 {[%clk 0:32:04]} 27. Qf5
{[%clk 0:13:08]} Qxf5+ {[%clk 0:29:12]} 28. Bxf5 {[%clk 0:13:33]} Bh2
{[%clk 0:29:22]} 29. Bc8 {[%clk 0:13:44]} b6 {[%clk 0:29:15]} 30. Bb7
{[%clk 0:13:11]} Bg1 {[%clk 0:29:38]} 31. f3 {[%clk 0:12:53]} Bxe3
{[%clk 0:29:58]} 32. Bxc6 {[%clk 0:13:19]} g5 {[%clk 0:28:36]} 33. Kc2
{[%clk 0:13:33]} Ke7 {[%clk 0:28:39]} 34. Kd3 {[%clk 0:13:57]} Bc1
{[%clk 0:28:26]} 35. b4 {[%clk 0:13:30]} Kd6 {[%clk 0:28:31]} 36. Be8
{[%clk 0:13:28]} Ke7 {[%clk 0:28:27]} 37. Ba4 {[%clk 0:13:33]} Ba3
{[%clk 0:28:48]} 38. Kc3 {[%clk 0:13:26]} Kd6 {[%clk 0:29:11]} 39. g3 f5
{[%clk 0:28:11]} 40. Bc2 {[%clk 0:12:44]} Ke6 {[%clk 0:28:24]} 41. Kb3
{[%clk 0:09:25]} Bc1 {[%clk 0:28:34]} 42. Ka4 {[%clk 0:08:14]} f4 43. gxf4
{[%clk 0:08:02]} Bxf4 {[%clk 0:28:59]} 44. Kb5 {[%clk 0:07:48]} Bd2
{[%clk 0:29:16]} 45. c5 {[%clk 0:08:06]} bxc5 {[%clk 0:28:35]} 46. bxc5
{[%clk 0:08:32]} Kd7 47. Bf5+ {[%clk 0:06:44]} Kc7 {[%clk 0:27:51]} 48. Kc4
{[%clk 0:07:10]} Kc6 {[%clk 0:24:57]} 49. Be4+ {[%clk 0:05:33]} Kd7
{[%clk 0:25:21]} 50. Kd5 {[%clk 0:05:57]} Bf4 {[%clk 0:25:36]} 51. Bc2
{[%clk 0:06:03]} Bg3 {[%clk 0:23:48]} 52. Ba4+ {[%clk 0:04:43]} Ke7
{[%clk 0:24:08]} 53. Ke4 {[%clk 0:03:01]} Kf6 {[%clk 0:24:21]} 54. Kd5
{[%clk 0:02:19]} Ke7 {[%clk 0:24:43]} 55. Kc6 {[%clk 0:02:07]} Bf2
{[%clk 0:25:01]} 56. Kb5 {[%clk 0:02:31]} Bg1 {[%clk 0:25:15]} 57. Kc4
{[%clk 0:00:56]} Bh2 {[%clk 0:24:03]} 58. Kd5 {[%clk 0:00:51]} Bg3
{[%clk 0:24:14]} 59. Bb3 {[%clk 0:00:39]} Bh2 {[%clk 0:22:42]} 60. Bc4
{[%clk 0:01:02]} Bg3 {[%clk 0:21:40]} 61. Bf1 {[%clk 0:01:14]} Bh2
{[%clk 0:21:15]} 62. Ke4 {[%clk 0:01:37]} Kf6 {[%clk 0:21:02]} 63. c6
{[%clk 0:01:08]} Bc7 {[%clk 0:21:15]} 64. Bc4 {[%clk 0:01:01]} a5
{[%clk 0:20:57]} 65. Bb5 {[%clk 0:01:16]} Bb8 {[%clk 0:21:08]} 66. Ba4
{[%clk 0:01:35]} Bc7 {[%clk 0:21:20]} 67. Bc2 {[%clk 0:01:22]} Bb8
{[%clk 0:21:23]} 68. Kd5 {[%clk 0:01:37]} Bc7 {[%clk 0:21:42]} 69. Kc5
{[%clk 0:01:52]} Ke7 {[%clk 0:21:52]} 70. Kb5 {[%clk 0:02:02]} Kf6
{[%clk 0:21:33]} 71. Ka6 {[%clk 0:02:17]} Ke7 {[%clk 0:21:56]} 72. Kb7
{[%clk 0:02:36]} Kd8 {[%clk 0:22:21]} 73. Bb3 {[%clk 0:02:34]} Bd6
{[%clk 0:22:41]} 74. Kb6 {[%clk 0:01:55]} Bc7+ {[%clk 0:23:09]} 75. Ka6
{[%clk 0:01:43]} Ke7 {[%clk 0:23:32]} 76. Kb7 {[%clk 0:01:54]} Kd8
{[%clk 0:23:57]} 77. Ka6 {[%clk 0:01:40]} Ke7 {[%clk 0:24:22]} 78. Kb7
{[%clk 0:02:06]} Kd8 {[%clk 0:24:49]} 1/2-1/2

[Event "8e Open de Porticcio"]
[Site "?"]
[Date "2023.07.06"]
[Round "8.6"]
[White "Msellek, Ilyass"]
[Black "Lamaze, Simon"]
[Result "0-1"]
[BlackElo "2388"]
[WhiteElo "2417"]
[LiveChessVersion "1.4.6"]

1. e4 {[%clk 1:29:42]} c5 {[%clk 1:30:57]} 2. Nf3 {[%clk 1:30:03]} Nc6
{[%clk 1:31:23]} 3. c3 {[%clk 1:29:30]} Nf6 {[%clk 1:30:17]} 4. e5
{[%clk 1:29:04]} Nd5 {[%clk 1:30:32]} 5. d4 {[%clk 1:29:19]} cxd4
{[%clk 1:30:58]} 6. cxd4 {[%clk 1:29:31]} d6 {[%clk 1:31:24]} 7. Bc4
{[%clk 1:29:50]} e6 {[%clk 1:31:44]} 8. O-O {[%clk 1:28:01]} Be7 {[%clk 1:31:30]}
9. Qe2 {[%clk 1:27:06]} O-O {[%clk 1:31:21]} 10. Rd1 {[%clk 1:26:53]} Na5
{[%clk 1:29:50]} 11. Bd3 {[%clk 1:26:07]} Nb4 {[%clk 1:28:29]} 12. Nc3
{[%clk 1:25:08]} Nxd3 {[%clk 1:27:37]} 13. Rxd3 {[%clk 1:25:29]} d5
{[%clk 1:26:46]} 14. Ne1 {[%clk 1:19:24]} Qe8 {[%clk 1:12:13]} 15. Rg3
{[%clk 1:15:08]} f5 {[%clk 1:09:22]} 16. Bh6 {[%clk 1:12:41]} Rf7
{[%clk 1:09:12]} 17. Qh5 {[%clk 1:12:23]} Bd7 {[%clk 1:03:24]} 18. Nd3
{[%clk 1:09:08]} Rc8 {[%clk 0:51:16]} 19. Nf4 {[%clk 0:59:20]} Bf8
{[%clk 0:51:29]} 20. Re1 {[%clk 0:56:12]} Nc4 {[%clk 0:47:46]} 21. Re2
{[%clk 0:45:45]} Rc6 {[%clk 0:47:30]} 22. Bg5 {[%clk 0:39:36]} b5
{[%clk 0:32:59]} 23. Rh3 {[%clk 0:31:33]} h6 {[%clk 0:33:23]} 24. Qg6
{[%clk 0:26:37]} Re7 {[%clk 0:33:48]} 25. Bxe7 {[%clk 0:24:20]} Bxe7
{[%clk 0:34:12]} 26. Rxh6 {[%clk 0:20:05]} Qxg6 {[%clk 0:34:35]} 27. Rxg6
{[%clk 0:18:17]} b4 {[%clk 0:34:17]} 28. Nd1 {[%clk 0:17:48]} Na5
{[%clk 0:33:19]} 29. Nd3 {[%clk 0:02:34]} Kf7 {[%clk 0:32:40]} 30. Rg3
{[%clk 0:03:01]} Rc4 {[%clk 0:33:05]} 31. Ne3 {[%clk 0:01:10]} Rxd4
{[%clk 0:33:12]} 32. Nc2 {[%clk 0:01:22]} Rc4 {[%clk 0:32:49]} 33. b3
{[%clk 0:01:45]} Rc3 {[%clk 0:31:51]} 34. Kf1 {[%clk 0:00:55]} Bb5
{[%clk 0:31:51]} 35. Nce1 {[%clk 0:00:45]} Nc6 {[%clk 0:32:16]} 36. f4
{[%clk 0:00:33]} Bh4 {[%clk 0:32:45]} 37. Rc2 {[%clk 0:00:31]} Rxc2
{[%clk 0:33:04]} 0-1

[Event "8e Open de Porticcio"]
[Site "?"]
[Date "2023.07.06"]
[Round "8.7"]
[White "Cappelletto, Joshuaede"]
[Black "Relange, Eloi"]
[Result "1-0"]
[BlackElo "2462"]
[WhiteElo "2286"]
[LiveChessVersion "1.4.6"]

1. e4 c5 2. Nf3 d6 3. d4 cxd4 4. Nxd4 a6 5. Nc3 e6 6. Be3 b5 7. a3 h5 8. Be2 Nf6
9. f4 Bb7 10. Bf3 Ng4 11. Bxg4 Qh4+ 12. Bf2 Qxg4 13. Qd2 Nd7 14. h3 Qxg2 15. Rg1
Qxh3 16. O-O-O Nf6 17. Rg3 Qh4 18. Nf3 Nxe4 19. Nxe4 Qd8 20. Qe2 Qc7 21. Kb1 Rc8
22. Nc3 Qc4 23. Qe3 g6 24. Nd2 Qc5 25. Qe2 Qf5 26. Nde4 Be7 27. Rg5 Qh3 28. Nxd6+
Bxd6 29. Rxd6 h4 30. Bd4 Rh6 31. Bf6 1-0

[Event "8e Open de Porticcio"]
[Site "?"]
[Date "2023.07.06"]
[Round "8.8"]
[White "Yankelevich, Lev"]
[Black "Gatineau, Yovann"]
[Result "1/2-1/2"]
[BlackElo "2367"]
[WhiteElo "2442"]
[LiveChessVersion "1.4.6"]

1. d4 d5 {[%clk 1:28:35]} 2. c4 {[%clk 1:30:42]} e6 {[%clk 1:28:56]} 3. Nf3
{[%clk 1:30:57]} Nf6 {[%clk 1:29:12]} 4. g3 {[%clk 1:30:59]} Bb4+ 5. Bd2
{[%clk 1:30:58]} Be7 {[%clk 1:29:08]} 6. Bg2 {[%clk 1:31:20]} O-O
{[%clk 1:29:22]} 7. O-O {[%clk 1:31:44]} c6 {[%clk 1:29:11]} 8. Qc2
{[%clk 1:29:58]} b6 {[%clk 1:28:11]} 9. Bf4 {[%clk 1:26:38]} Nbd7
{[%clk 1:27:39]} 10. Nbd2 {[%clk 1:24:53]} Nh5 {[%clk 1:26:50]} 11. e3
{[%clk 1:25:02]} Bb7 {[%clk 1:26:11]} 12. h4 {[%clk 1:22:44]} h6 {[%clk 1:20:37]}
13. cxd5 {[%clk 1:17:39]} exd5 {[%clk 1:11:18]} 14. Rfe1 {[%clk 1:05:08]} c5
{[%clk 1:08:09]} 15. Qf5 {[%clk 1:00:44]} Nxf4 {[%clk 1:06:53]} 16. exf4
{[%clk 1:00:36]} Nf6 {[%clk 1:00:57]} 17. Ne5 {[%clk 0:59:44]} cxd4
{[%clk 0:59:54]} 18. Nb3 {[%clk 0:54:55]} Bc5 {[%clk 0:55:54]} 19. Red1
{[%clk 0:50:12]} Qd6 {[%clk 0:46:50]} 20. Nxd4 {[%clk 0:48:35]} b5
{[%clk 0:42:30]} 21. Qd3 {[%clk 0:41:39]} Qb6 {[%clk 0:40:55]} 22. g4
{[%clk 0:40:32]} Rad8 {[%clk 0:35:08]} 23. b4 {[%clk 0:36:11]} Bxb4
{[%clk 0:34:01]} 24. Rab1 {[%clk 0:36:35]} Bc5 {[%clk 0:32:02]} 25. Rxb5
{[%clk 0:36:33]} Ba6 {[%clk 0:32:03]} 26. Rxb6 {[%clk 0:36:58]} Bxd3
{[%clk 0:32:29]} 27. Rc6 {[%clk 0:35:08]} Bxd4 {[%clk 0:32:06]} 28. Rxd3
{[%clk 0:35:28]} Bxe5 {[%clk 0:31:46]} 29. fxe5 {[%clk 0:35:54]} Nxg4
{[%clk 0:32:08]} 30. f4 {[%clk 0:36:07]} d4 {[%clk 0:24:08]} 31. Bh3
{[%clk 0:31:53]} h5 {[%clk 0:21:56]} 32. Rd6 {[%clk 0:31:57]} f6 {[%clk 0:19:09]}
33. Bxg4 {[%clk 0:31:05]} hxg4 {[%clk 0:17:32]} 34. R3xd4 {[%clk 0:31:30]} Rxd6
{[%clk 0:13:18]} 35. Rxd6 {[%clk 0:31:56]} fxe5 {[%clk 0:13:39]} 36. fxe5
{[%clk 0:32:25]} Rf3 {[%clk 0:13:42]} 37. e6 {[%clk 0:32:27]} Kf8
{[%clk 0:11:56]} 38. Ra6 {[%clk 0:32:20]} Ke7 {[%clk 0:11:46]} 39. Rxa7+
{[%clk 0:31:40]} Kxe6 {[%clk 0:12:09]} 40. Rxg7 {[%clk 0:32:06]} Ra3
{[%clk 0:12:02]} 41. Kg2 {[%clk 0:32:23]} Kf5 {[%clk 0:12:02]} 42. Rf7+
{[%clk 0:32:21]} Kg6 {[%clk 0:12:25]} 43. Rf8 {[%clk 0:32:27]} Rxa2+
{[%clk 0:12:34]} 44. Kg3 {[%clk 0:32:56]} Ra3+ {[%clk 0:12:43]} 45. Kxg4
{[%clk 0:33:22]} Ra4+ {[%clk 0:13:10]} 46. Kg3 {[%clk 0:33:38]} Ra3+
{[%clk 0:13:31]} 47. Rf3 {[%clk 0:33:43]} Rxf3+ {[%clk 0:13:57]} 48. Kxf3
{[%clk 0:34:08]} Kh5 {[%clk 0:14:24]} 49. Kg3 {[%clk 0:34:36]} Kg6
{[%clk 0:14:48]} 50. Kg4 {[%clk 0:35:04]} Kh6 {[%clk 0:15:14]} 51. h5
{[%clk 0:35:31]} Kg7 {[%clk 0:15:40]} 52. Kh4 {[%clk 0:35:58]} Kh8
{[%clk 0:16:06]} 53. Kg5 {[%clk 0:36:26]} Kg7 {[%clk 0:16:32]} 54. Kf5
{[%clk 0:36:53]} Kh6 {[%clk 0:16:59]} 55. Ke4 {[%clk 0:37:22]} Kxh5 1/2-1/2

[Event "8e Open de Porticcio"]
[Site "?"]
[Date "2023.07.06"]
[Round "8.9"]
[White "Celik, Hasan Huseyin"]
[Black "Kunal, M."]
[Result "1-0"]
[BlackElo "2301"]
[WhiteElo "2405"]
[LiveChessVersion "1.4.6"]

1. Nf3 Nf6 2. c4 e6 3. Nc3 d5 4. e3 c5 5. cxd5 Nxd5 6. Qc2 Be7 7. b3 O-O 8. Bb2
b6 9. h4 h6 10. Be2 Ba6 11. a3 Bxe2 12. Nxe2 Bf6 13. g4 Bxb2 14. Qxb2 Qf6 15.
Qxf6 Nxf6 16. g5 Nh5 17. d4 Nd7 18. O-O-O c4 19. bxc4 Rac8 20. Nd2 e5 21. gxh6
gxh6 22. Rhg1+ Kh7 23. Ng3 Nxg3 24. Rxg3 exd4 25. exd4 Rg8 26. Rdg1 Rg6 27. Rxg6
fxg6 28. Re1 1-0

[Event "8e Open de Porticcio"]
[Site "?"]
[Date "2023.07.01"]
[Round "9.1"]
[White "Peng, Li Min"]
[Black "Fedorchuk, Sergey A."]
[Result "1/2-1/2"]
[BlackElo "2589"]
[WhiteElo "2535"]
[LiveChessVersion "1.4.6"]

1. d4 {[%clk 1:28:13]} Nf6 {[%clk 1:30:39]} 2. c4 {[%clk 1:27:41]} e6
{[%clk 1:30:47]} 3. Nc3 {[%clk 1:26:52]} Bb4 {[%clk 1:30:43]} 4. Qc2
{[%clk 1:26:14]} O-O {[%clk 1:26:26]} 5. e4 {[%clk 1:24:47]} d5 {[%clk 1:25:05]}
6. e5 {[%clk 1:25:10]} Ne4 {[%clk 1:25:21]} 7. Bd3 {[%clk 1:25:34]} c5
{[%clk 1:25:12]} 8. Nf3 {[%clk 1:25:56]} cxd4 {[%clk 1:23:48]} 9. Nxd4
{[%clk 1:26:20]} Nd7 {[%clk 1:23:11]} 10. Bf4 {[%clk 1:24:19]} Qh4
{[%clk 1:20:48]} 11. g3 {[%clk 1:24:43]} Qh5 {[%clk 1:19:29]} 12. O-O
{[%clk 1:23:37]} g5 {[%clk 1:17:31]} 13. cxd5 {[%clk 1:19:58]} gxf4
{[%clk 1:13:35]} 14. dxe6 {[%clk 1:16:05]} fxe6 {[%clk 1:08:49]} 15. Nxe4
{[%clk 1:16:26]} Nxe5 {[%clk 1:08:48]} 16. f3 {[%clk 1:10:08]} fxg3
{[%clk 1:02:47]} 17. hxg3 {[%clk 1:06:37]} Ba5 {[%clk 0:57:41]} 18. Kg2
{[%clk 1:00:59]} Bb6 {[%clk 0:50:30]} 19. Ne2 {[%clk 0:57:31]} Nxf3
{[%clk 0:41:43]} 20. Nf4 {[%clk 0:57:20]} Rxf4 {[%clk 0:38:22]} 21. gxf4
{[%clk 0:57:36]} Nh4+ {[%clk 0:38:19]} 22. Kh1 {[%clk 0:57:20]} Nf3+
{[%clk 0:37:22]} 23. Kg2 {[%clk 0:57:45]} Nh4+ {[%clk 0:34:30]} 24. Kh1
{[%clk 0:58:11]} Nf3+ {[%clk 0:33:29]} 25. Kg2 {[%clk 0:58:37]} Nh4+
{[%clk 0:33:53]} 1/2-1/2

[Event "8e Open de Porticcio"]
[Site "?"]
[Date "2023.07.01"]
[Round "9.2"]
[White "Krasenkow, Michal"]
[Black "Lamaze, Simon"]
[Result "1/2-1/2"]
[BlackElo "2388"]
[WhiteElo "2524"]
[LiveChessVersion "1.4.6"]

1. Nf3 Nf6 2. d4 g6 3. c4 Bg7 4. Nc3 d6 5. e4 O-O 6. h3 e5 7. d5 a5
{[%clk 1:32:20]} 8. Be2 {[%clk 1:32:29]} Na6 {[%clk 1:32:27]} 9. Bg5
{[%clk 1:32:43]} Qe8 {[%clk 1:32:54]} 10. g4 {[%clk 1:31:53]} Nd7
{[%clk 1:32:34]} 11. Qd2 {[%clk 1:28:20]} Ndc5 {[%clk 1:30:16]} 12. Rg1
{[%clk 1:28:22]} Kh8 {[%clk 1:29:46]} 13. O-O-O {[%clk 1:26:57]} Bd7
{[%clk 1:21:00]} 14. h4 {[%clk 1:20:18]} Nb4 {[%clk 1:14:45]} 15. Kb1
{[%clk 1:20:23]} f5 {[%clk 1:14:26]} 16. gxf5 {[%clk 1:20:01]} gxf5
{[%clk 1:14:51]} 17. Bh6 {[%clk 1:19:54]} Bxh6 {[%clk 1:13:31]} 18. Qxh6
{[%clk 1:20:06]} Qe7 {[%clk 1:13:34]} 19. h5 {[%clk 1:19:10]} Rf7
{[%clk 1:10:17]} 20. Qe3 {[%clk 1:15:10]} fxe4 21. Ng5 {[%clk 1:15:33]} Rf4
{[%clk 1:05:04]} 22. a3 {[%clk 1:15:44]} Nba6 {[%clk 0:58:16]} 23. Rg3
{[%clk 1:12:06]} Bf5 {[%clk 0:57:23]} 24. Rdg1 {[%clk 1:09:35]} Rf8
{[%clk 0:53:57]} 25. Ka2 {[%clk 1:03:20]} Ra8 {[%clk 0:51:35]} 26. Kb1
{[%clk 0:56:19]} Qf6 {[%clk 0:49:19]} 27. Kc1 {[%clk 0:55:03]} Rf8
{[%clk 0:49:20]} 28. Kd1 {[%clk 0:54:07]} a4 {[%clk 0:45:57]} 29. R3g2
{[%clk 0:52:08]} Nd3 {[%clk 0:32:43]} 30. Bxd3 {[%clk 0:43:17]} exd3
{[%clk 0:33:06]} 31. Nce4 {[%clk 0:43:16]} Qe7 {[%clk 0:32:13]} 32. f3
{[%clk 0:42:49]} b6 {[%clk 0:24:26]} 33. Qxd3 {[%clk 0:25:15]} Nc5
{[%clk 0:24:26]} 34. Qe3 {[%clk 0:22:45]} Bxe4 {[%clk 0:22:54]} 35. fxe4
{[%clk 0:21:33]} Qf6 {[%clk 0:23:05]} 36. h6 {[%clk 0:18:48]} Rf1+
{[%clk 0:21:43]} 37. Ke2 {[%clk 0:17:44]} Rxg1 {[%clk 0:21:20]} 38. Rxg1
{[%clk 0:17:56]} Qg6 {[%clk 0:19:50]} 39. Ne6 {[%clk 0:15:30]} Qh5+
{[%clk 0:20:00]} 40. Ke1 {[%clk 0:12:48]} Rf6 {[%clk 0:15:55]} 41. Nxc5
{[%clk 0:05:36]} bxc5 {[%clk 0:16:02]} 42. Rg3 {[%clk 0:03:39]} Qxh6
{[%clk 0:12:20]} 43. Qxh6 {[%clk 0:01:49]} Rxh6 {[%clk 0:12:48]} 44. Kd2
{[%clk 0:01:16]} Rh4 {[%clk 0:12:54]} 45. Re3 {[%clk 0:01:38]} Rg4
{[%clk 0:10:29]} 46. b3 {[%clk 0:01:02]} axb3 {[%clk 0:09:20]} 47. Kc3
{[%clk 0:01:05]} h5 {[%clk 0:09:32]} 48. Kxb3 {[%clk 0:01:09]} h4
{[%clk 0:09:55]} 49. Re1 {[%clk 0:01:36]} Rg3+ {[%clk 0:09:19]} 50. Kb2
{[%clk 0:02:03]} h3 {[%clk 0:09:13]} 51. a4 {[%clk 0:02:14]} Kh7 {[%clk 0:08:35]}
52. a5 {[%clk 0:01:45]} Kh6 {[%clk 0:08:37]} 53. Rf1 {[%clk 0:01:06]} h2
{[%clk 0:05:05]} 54. Rh1 {[%clk 0:01:21]} Rg2+ {[%clk 0:05:05]} 55. Kb3
{[%clk 0:01:47]} Kg5 {[%clk 0:04:52]} 56. a6 {[%clk 0:02:06]} Kf4
{[%clk 0:05:06]} 57. a7 {[%clk 0:02:18]} Rg8 {[%clk 0:04:48]} 58. Rxh2
{[%clk 0:02:23]} Ra8 {[%clk 0:05:15]} 59. Rh4+ {[%clk 0:02:16]} Ke3
{[%clk 0:05:36]} 60. Ka4 {[%clk 0:02:23]} Rxa7+ {[%clk 0:06:01]} 61. Kb5
{[%clk 0:02:52]} Kd4 {[%clk 0:06:06]} 62. Rg4 {[%clk 0:03:07]} Ra1
{[%clk 0:02:26]} 63. Kc6 {[%clk 0:03:23]} Kxc4 {[%clk 0:02:39]} 64. Kxc7
{[%clk 0:03:49]} Ra6 {[%clk 0:02:40]} 65. Rg6 {[%clk 0:03:17]} Kd4
{[%clk 0:03:05]} 66. Rxd6 {[%clk 0:03:33]} Rxd6 {[%clk 0:03:11]} 67. Kxd6
{[%clk 0:03:59]} c4 {[%clk 0:03:39]} 68. Ke6 {[%clk 0:04:16]} c3 {[%clk 0:04:03]}
69. d6 {[%clk 0:04:45]} c2 {[%clk 0:04:28]} 70. d7 {[%clk 0:05:13]} c1=Q
{[%clk 0:04:30]} 71. d8=Q+ {[%clk 0:05:39]} Kxe4 {[%clk 0:04:52]} 72. Qd5+
{[%clk 0:06:04]} Kf4 {[%clk 0:05:12]} 73. Qxe5+ {[%clk 0:06:31]} Kf3
{[%clk 0:05:31]} 74. Qf5+ {[%clk 0:06:58]} Qf4 {[%clk 0:05:58]} 75. Qxf4+
{[%clk 0:07:25]} Kxf4 {[%clk 0:06:25]} 76. Kd5 1/2-1/2